[Event "GER-ch U12"]
[Site "Willingen"]
[Date "2023.06.03"]
[Round "9"]
[White "Sarian, David"]
[Black "Berndt, Ronson"]
[Result "1/2-1/2"]
[WhiteElo "1480"]
[BlackElo "1475"]
[PlyCount "56"]
[EventDate "2023.05.27"]
[EventType "swiss"]
[EventRounds "9"]
[EventCountry "GER"]
[SourceTitle "CBM 214 Extra"]
[Source "ChessBase"]
[SourceDate "2023.07.31"]
[SourceVersion "1"]
[SourceVersionDate "2023.07.31"]
[SourceQuality "1"]

1. e4 c5 2. Nf3 d6 3. c3 a6 4. d4 cxd4 5. cxd4 Nf6 6. Nc3 e6 7. Bg5 Be7 8. e5 Nfd7 9. Bxe7 Qxe7 10. exd6 Qxd6 11. Be2 Nf6 12. Qc2 Nc6 13. Rd1 b5 14. 0-0 Bb7 15. Rfe1 Nb4 16. Qd2 Nbd5 17. Nxd5 Bxd5 18. b3 0-0 19. h3 Rac8 20. Rc1 Ne4 21. Qe3 h6 22. Bd3 Nf6 23. Rxc8 Rxc8 24. Rc1 Rxc1+ 25. Qxc1 Qc6 26. Qxc6 Bxc6 27. Ne5 Be4 28. f3 Bxd3 1/2-1/2

[Event "GER-ch U12"]
[Site "Willingen"]
[Date "2023.05.31"]
[Round "6"]
[White "Sarian, David"]
[Black "Radeke, Timothy"]
[Result "0-1"]
[WhiteElo "1480"]
[BlackElo "1485"]
[PlyCount "158"]
[EventDate "2023.05.27"]
[EventType "swiss"]
[EventRounds "9"]
[EventCountry "GER"]
[SourceTitle "CBM 214 Extra"]
[Source "ChessBase"]
[SourceDate "2023.07.31"]
[SourceVersion "1"]
[SourceVersionDate "2023.07.31"]
[SourceQuality "1"]

1. e4 e5 2. Nf3 Nc6 3. Bb5 a6 4. Ba4 Nf6 5. Nc3 b5 6. Bb3 d6 7. d3 Na5 8. 0-0 Nxb3 9. axb3 Bb7 10. Re1 Be7 11. h3 0-0 12. Ne2 h6 13. Ng3 Re8 14. Bd2 Bf8 15. b4 g6 16. Qc1 Kh7 17. b3 Bg7 18. c4 Qd7 19. Qc2 Ng8 20. Nh2 Ne7 21. Rac1 Nc6 22. Nf3 Rec8 23. Ra1 Ne7 24. Rec1 f5 25. Re1 f4 26. Ne2 g5 27. Nh2 Rf8 28. f3 Ng6 29. Rec1 Rf7 30. c5 dxc5 31. bxc5 c6 32. Bc3 Nf8 33. Rd1 Ne6 34. b4 Nd4 35. Bxd4 exd4 36. Nc1 h5 37. Nb3 Qc7 38. Rd2 Rg8 39. Re2 Be5 40. Qa2 Bc8 41. Rf2 Qe7 42. Na5 Rf6 43. Kf1 Qg7 44. Qc2 Qh6 45. Ke2 g4 46. hxg4 hxg4 47. Nxg4 Bxg4 48. fxg4 Rxg4 49. Raf1 Rfg6 50. Kd1 Qh2 51. Qa2 Bg7 52. Qf7 Rf6 53. Qa2 Qg3 54. Qe2 Rh6 55. Qf3 Be5 56. Qxg3 Rxg3 57. Ke2 Rhg6 58. Rh1+ Kg7 59. Rh5 Bc7 60. Nb3 Re3+ 61. Kd2 Rgg3 62. Nc1 a5 63. bxa5 Bxa5+ 64. Kc2 Bc3 65. Rh3 Rxh3 66. gxh3 f3 67. Kb3 Be1 68. Rf1 f2 69. h4 Rg3 70. Ne2 Rxd3+ 71. Kc2 Rd2+ 72. Kc1 Rxe2 73. Kd1 Rxe4 74. h5 b4 75. Kc2 Rg4 76. Kd3 b3 77. h6+ Kxh6 78. Rxe1 fxe1Q 79. Kc4 Qc3# 0-1

[Event "GER-ch U12"]
[Site "Willingen"]
[Date "2023.05.31"]
[Round "5"]
[White "Vranckx, Oscar"]
[Black "Sarian, David"]
[Result "1-0"]
[WhiteElo "1733"]
[BlackElo "1480"]
[PlyCount "109"]
[EventDate "2023.05.27"]
[EventType "swiss"]
[EventRounds "9"]
[EventCountry "GER"]
[SourceTitle "CBM 214 Extra"]
[Source "ChessBase"]
[SourceDate "2023.07.31"]
[SourceVersion "1"]
[SourceVersionDate "2023.07.31"]
[SourceQuality "1"]

1. e4 e6 2. b3 Nc6 3. c4 Nf6 4. Nc3 Bb4 5. Qe2 0-0 6. e5 Ne8 7. Bb2 d6 8. f4 f6 9. exd6 Nxd6 10. 0-0-0 Qe7 11. d4 Bxc3 12. Bxc3 a5 13. a3 Nf7 14. Kb2 b6 15. Re1 Re8 16. g4 Na7 17. f5 e5 18. dxe5 Nxe5 19. Nf3 Nac6 20. Nxe5 Nxe5 21. Bg2 Rb8 22. Bxe5 Qxe5+ 23. Qxe5 fxe5 24. Bc6 Re7 25. Rhf1 Bb7 26. Ba4 Kf7 27. g5 e4 28. b4 axb4 29. axb4 c5 30. f6 Re5 31. Rd1 Bc8 32. Rd8 gxf6 33. Bd7 Rxg5 34. Bxc8 Ke7 35. Rfd1 e3 36. R1d7+ Ke6 37. Rb7+ Rxc8 38. Rxc8 Rg2+ 39. Kc3 cxb4+ 40. Kd3 b3 41. Rc6+ Kf5 42. Rbxb6 e2 43. Rxf6+ Kg5 44. Rfe6 Rxh2 45. Rxe2 Rh3+ 46. Re3 Rh1 47. Rxb3 h5 48. Rb5+ Kg4 49. Re4+ Kf3 50. Rf5+ Kg3 51. Ke2 Rh2+ 52. Ke3 h4 53. Rf3+ Kg2 54. Rg4+ Kh1 55. Rf1# 1-0

[Event "GER-ch U12"]
[Site "Willingen"]
[Date "2023.05.29"]
[Round "3"]
[White "Voelpel, Alexander"]
[Black "Sarian, David"]
[Result "0-1"]
[WhiteElo "1373"]
[BlackElo "1480"]
[PlyCount "92"]
[EventDate "2023.05.27"]
[EventType "swiss"]
[EventRounds "9"]
[EventCountry "GER"]
[SourceTitle "CBM 214 Extra"]
[Source "ChessBase"]
[SourceDate "2023.07.31"]
[SourceVersion "1"]
[SourceVersionDate "2023.07.31"]
[SourceQuality "1"]

1. e4 e6 2. d4 d5 3. exd5 exd5 4. Bd3 Nf6 5. c3 Be7 6. Nf3 0-0 7. 0-0 Nc6 8. h3 h6 9. Qc2 Be6 10. Ne5 Nxe5 11. dxe5 Nd7 12. f4 Nc5 13. Bh7+ Kh8 14. f5 Kxh7 15. fxe6+ Kg8 16. exf7+ Rxf7 17. Rxf7 Kxf7 18. Qf5+ Kg8 19. Bf4 Qf8 20. Qg4 Kh7 21. Nd2 Qf7 22. Rf1 Qe6 23. Qxe6 Nxe6 24. Be3 Kg6 25. Bf4 Rf8 26. Bh2 Rxf1+ 27. Kxf1 c5 28. Ke2 a5 29. Nb3 b6 30. a4 h5 31. Ke3 h4 32. Nd2 Bg5+ 33. Ke2 Bxd2 34. Kxd2 Kf5 35. Ke3 g5 36. g4+ hxg3 37. Bxg3 c4 38. Kf3 Nc5 39. Ke3 Nxa4 40. Kd4 Ke6 41. Be1 Nxb2 42. Bd2 Nd3 43. Bxg5 a4 44. h4 a3 45. h5 a2 46. h6 a1Q 0-1